| 000 | 01355cam a2200337 a 4500 | ||
|---|---|---|---|
| 001 | 3457 | ||
| 003 | FISKH | ||
| 005 | 20240307095136.0 | ||
| 008 | 071221s2008 nyuab j 000 0 eng | ||
| 010 | _a 2007052366 | ||
| 020 | _a9780316031707 (hc) | ||
| 020 | _a0316031704 (hc) | ||
| 035 | _a(OCoLC)191023779 | ||
| 040 |
_aDLC _cDLC _dIG# _dBAKER _dBTCTA _dMLY _dEHH _dDLC _beng |
||
| 042 | _alcac | ||
| 043 | _an-us--- | ||
| 050 | 0 | 0 |
_aE178.3 _b.S25 2008 |
| 082 | 0 | 0 |
_a973 _222 |
| 100 | 1 |
_aSamuels, Charlie, _d1961- |
|
| 245 | 1 | 0 |
_aAmerica : _bthe making of a nation / _c[by Charlie Samuels]. |
| 260 |
_aNew York : _bLittle, Brown, _c2008. |
||
| 300 |
_a28 unnumbered pages : _bcolor illustrations ; _c26 × 31 cm |
||
| 500 | _aCover title. | ||
| 504 | _aIncludes bibliographical references and index. | ||
| 520 | _aFrom the Revolutionary War through current events of the 21st century, "America" offers an in-depth look at the making of the nation. This interactive history book contains innovative novelty components including lift-the-flap postcards, removable song lyrics, and a fold-out replica of the Declaration of Independence. | ||
| 651 | 0 |
_aUnited States _xHistory _vMiscellanea _vJuvenile literature. |
|
| 651 | 1 |
_aUnited States _xHistory. |
|
| 906 |
_a7 _bcbc _corignew _d1 _eecip _f20 _gy-gencatlg |
||
| 942 |
_2ddc _cBK _n0 |
||
| 999 |
_c3457 _d3457 |
||